Estudio de métodos para justificar la instalación de semáforos

Bewaard in:
Bibliografische gegevens
Hoofdauteur: Ledezma Rojas, Rodrigo
Formaat: Boek
Gepubliceerd in: [San José , Costa Rica] 1986
Onderwerpen:
Tags: Voeg label toe
Geen labels, Wees de eerste die dit record labelt!

MARC

LEADER 00000nam a2200000Ia 4500
003 002964
005 20240110114502.0
008 140114s1985 cr a m 000 ||s d
040 |c cru CEDI 
090 |a TFG 1725 
100 |a Ledezma Rojas, Rodrigo  |9 14484 
245 |a Estudio de métodos para justificar la instalación de semáforos 
260 |a  [San José , Costa Rica]  |c 1986 
300 |a  vi, [130] hojas : ilustraciones ; 27 cm  
500 |a  Proyecto de graduación (ingeniero civil)--Universidad de Costa Rica. Escuela de Ingeniería Civil 
650 |x SEÑALES DE TRANSITO - COSTA RICA  |9 8758 
942 |c TFG  |h TFG 1725  |i 002964  |6 TFG_1725_002964000000000 
999 |c 21074  |d 21074